000 00238nam a2200109 4500
082 _aGIB
100 _aGibson, James
245 _aSemi Conductor Electronics
260 _aNew York:
_bMcgraw-Hill,
_c1966.
300 _a837p. ;
942 _cBK
999 _c12943
_d12943